Moderný marketing pomáha spájať ziskový a neziskový sektor

Význam a úlohy neziskového sektora. Partnerstvo ziskového a neziskového sektora. Cause-related marketing (dobročinný marketing). Tri piliere CRM. Sociálny marketing. Fundraising. Tvorba fundraisingovej stratégie.

Salvato in:
Dettagli Bibliografici
Autore principale: Čihovská, Viera
Natura: Capitolo di libro
Lingua:slovacco
Soggetti:
Tags: Aggiungi Tag
Nessun Tag, puoi essere il primo ad aggiungerne!!

MARC

LEADER 00000naa a2200000 4500
001 0148852
005 20240502072658.4
041 0 |a slo 
044 |a SK 
245 1 0 |a Moderný marketing pomáha spájať ziskový a neziskový sektor  |c Viera Čihovská 
520 |a Význam a úlohy neziskového sektora. Partnerstvo ziskového a neziskového sektora. Cause-related marketing (dobročinný marketing). Tri piliere CRM. Sociálny marketing. Fundraising. Tvorba fundraisingovej stratégie. 
610 2 0 |a organizácie ziskové 
610 2 0 |a organizácie neziskové 
610 2 0 |a partnerstvo verejno-súkromné 
610 2 0 |a partnerstvo sociálne 
610 2 0 |a služby verejnoprospešné 
610 2 0 |a organizácie nevládne 
610 2 0 |a marketing sociálny 
610 2 0 |a marketing spoločenský 
100 1 |a Čihovská, Viera